[Event "52nd World Juniors 2013"]
[Site "Kocaeli TUR"]
[Date "2013.09.19"]
[Round "7.47"]
[White "Neves,P"]
[Black "Thompson,Robert"]
[Result "1/2-1/2"]
[WhiteElo "2212"]
[BlackElo "1966"]

1.e4 d6 2.d4 Nf6 3.Nc3 e5 4.Bc4 Be7 5.Nf3 exd4 6.Nxd4 O-O 7.O-O Re8 8.Re1 Nbd7
9.Bg5 h6 10.Bf4 Bf8 11.Re3 c6 12.Bf1 Nc5 13.Qf3 Ne6 14.Rd1 Nxf4 15.Qxf4 Qe7  1/2-1/2

[Event "1st League Cent-SRB 2013"]
[Site "Kragujevac SRB"]
[Date "2013.09.19"]
[Round "8.6"]
[White "Musovic,S"]
[Black "Stojanovski,D"]
[Result "1/2-1/2"]
[WhiteElo "2093"]
[BlackElo "2436"]

1.e4 d6 2.d4 Nf6 3.Nc3 e5 4.dxe5 dxe5 5.Qxd8+ Kxd8 6.Bc4 Be6 7.Bxe6 fxe6
8.Bg5 Bd6 9.O-O-O Ke7 10.f3 a6 11.Bh4 Nc6 12.g4 h5 13.h3 Rag8 14.Nge2 g5
15.Bf2 h4 16.Be3 Nd7 17.a3 Rh7 18.Rhf1 Rf7 19.Nb1 b5 20.c3 Na5 21.Kc2 Nc4
22.Bc1 Bc5 23.Kd3 Kf6 24.b3 Nd6 25.Be3 Kg6 26.Nc1 Rgf8 27.Bxc5 Nxc5+ 28.Ke2  1/2-1/2

[Event "1st League Cent-SRB 2013"]
[Site "Kragujevac SRB"]
[Date "2013.09.20"]
[Round "9.3"]
[White "Marinkovic,Sl"]
[Black "Nestorovic,N"]
[Result "1/2-1/2"]
[WhiteElo "2388"]
[BlackElo "2439"]

1.e4 d6 2.d4 Nf6 3.Nc3 e5 4.dxe5 dxe5 5.Qxd8+ Kxd8 6.Bc4 Ke8 7.Nf3 Bd6 8.Bg5 Nbd7
9.O-O-O a6 10.a4 h6 11.Bh4 b6 12.Rhe1 Rb8 13.Nd2 c6 14.Ba2 b5 15.Nc4 Bc7
16.Nd6+ Ke7 17.Nf5+ Kf8 18.Nd6 Ke7 19.Nf5+ Kf8  1/2-1/2

[Event "1st League Cent-SRB 2013"]
[Site "Kragujevac SRB"]
[Date "2013.09.20"]
[Round "9.2"]
[White "Radovanovic,D"]
[Black "Mrsevic,M"]
[Result "0-1"]
[WhiteElo "2377"]
[BlackElo "2286"]

1.e4 d6 2.d4 Nf6 3.Nc3 e5 4.Nf3 Nbd7 5.Bc4 Be7 6.O-O O-O 7.a4 a5 8.Re1 c6
9.Ba2 exd4 10.Nxd4 Nc5 11.Bf4 Qb6 12.Qd2 Re8 13.e5 dxe5 14.Bxe5 Ncd7 15.Bg3 Nf8
16.Bb3 Bg4 17.Qd3 Rad8 18.Qc4 Ne6 19.Nf3 Bxf3 20.gxf3 Rd4 21.Qf1 Nc5 22.Re3 Nxb3
23.cxb3 Bd6 24.Qe2 Rf8 25.Rd1 Rxd1+ 26.Qxd1 Bc5 27.Rd3 h6 28.Kg2 Re8 29.Qd2 Bb4
30.Qd1 Kh7 31.Rd4 Qc5 32.Qd3+ g6 33.Rf4 Bxc3 34.bxc3 Kg7 35.c4 Nh5 36.Qd4+ Qxd4
37.Rxd4 Re7 38.Rd8 g5 39.Bd6 Re1 40.Rd7 Kg6 41.Rxb7 Ng7 42.Rb6 Nf5 43.Bg3 Nd4
44.h3 f5 45.f4 g4 46.hxg4 fxg4 47.b4 axb4 48.Rxb4 Nf3 49.Bh2 Rc1 50.Rb3 h5
51.Ra3 h4 52.a5 Ne1+  0-1

[Event "63rd TCh-BUL GpA 2013"]
[Site "Sunny Beach BUL"]
[Date "2013.09.20"]
[Round "2.3"]
[White "Dobrev,Nay"]
[Black "Georgiev,Kr"]
[Result "0-1"]
[WhiteElo "2311"]
[BlackElo "2448"]

1.d4 d6 2.e4 Nf6 3.Nc3 e5 4.Nge2 Be7 5.f3 O-O 6.Be3 c6 7.Qd2 b5 8.O-O-O Qa5
9.g4 b4 10.Nb1 c5 11.d5 Qxa2 12.Ng3 Re8 13.g5 Nfd7 14.Nf5 Na6 15.b3 Nc7 16.f4 a5
17.fxe5 Nxe5 18.Bf4 a4 19.bxa4 Bxf5 20.exf5 c4 21.c3 b3 22.Bxe5 Bxg5  0-1

[Event "XV Villa Martelli ITT"]
[Site "Villa Martelli ARG"]
[Date "2013.09.20"]
[Round "6.3"]
[White "Trois,F"]
[Black "Madina Yadarola,M1"]
[Result "1/2-1/2"]
[WhiteElo "2251"]
[BlackElo "2273"]

1.d4 d6 2.e4 Nf6 3.Nc3 c6 4.f3 Nbd7 5.a4 a5 6.Be3 e5 7.Nge2 h5 8.Qd2 h4 9.Nc1 Be7
10.Be2 Nh5 11.g4 Nhf6 12.Nd3 Nh7 13.f4 exf4 14.Bxf4 Bg5 15.h3 Ndf8 16.Bxg5 Qxg5
17.Nf4 Ne6 18.Rf1 Nxf4 19.Rxf4 Nf8 20.Bc4 f6 21.Qf2 Bd7 22.Rf3 O-O-O 23.Kf1 Qg6
24.Qh2 Nh7 25.Bd3 Ng5 26.Re3 Qe8 27.Rae1 Qe7 28.Ne2 Be8 29.Nf4 Bf7 30.Qf2 Ne6
31.Nxe6 Bxe6 32.Kg1 Qc7 33.c3 Kb8 34.Bc2 Qb6 35.b3 c5 36.Rd3 c4 37.bxc4 Bxc4
38.Rb1 Qc7 39.Rf3 d5 40.Bb3 Rhe8 41.exd5 Rxd5  1/2-1/2

[Event "e2e4 Bedford Open 2013"]
[Site "Bedford ENG"]
[Date "2013.09.21"]
[Round "3"]
[White "Fernandez,Michael"]
[Black "Chapman,T"]
[Result "0-1"]
[WhiteElo "1942"]
[BlackElo "2312"]

1.e4 d6 2.d4 Nf6 3.Nc3 c6 4.f4 Qa5 5.Bd3 e5 6.dxe5 dxe5 7.Nf3 Nbd7 8.Qe2 Bd6
9.Bd2 Qc7 10.f5 b5 11.Nd1 Nc5 12.O-O O-O 13.Nf2 a5 14.g4 Nfd7 15.g5 Re8 16.Nh4 Bf8
17.Ng4 Qd8 18.Rf3 Ba6 19.Qg2 Nxd3 20.cxd3 b4 21.Qh3 Nc5 22.Nf2 Ra7 23.f6 g6
24.Rf1 Bc8 25.Qg3 Ne6 26.Rc1 Nd4 27.Re3 Be6 28.Nf3 Bxa2 29.h4 a4 30.h5 a3
31.bxa3 b3 32.Bc3 Bxa3 33.Rf1 b2 34.hxg6 fxg6 35.Nxe5 b1=Q 36.Rxb1 Bxb1 37.Qf4 Ba2
38.Nfg4 Bf7 39.Nh6+ Kf8 40.Nhxf7 Rxf7 41.Nxf7 Kxf7 42.Qh2 Bc5 43.Qxh7+ Ke6
44.f7 Qxg5+ 45.Kh1 Rb8 46.Qg8 Bf8 47.Bxd4 Rb1+ 48.Kh2 Qg1+ 49.Kh3 Qh1+ 50.Kg4 Rg1+
51.Rg3 Qh5+ 52.Kf4 Bh6+  0-1

[Event "52nd World Juniors 2013"]
[Site "Kocaeli TUR"]
[Date "2013.09.21"]
[Round "8.38"]
[White "Igonin,Temur"]
[Black "Akhmetov,Ay"]
[Result "0-1"]
[WhiteElo "2074"]
[BlackElo "2382"]

1.e4 d6 2.d4 Nf6 3.Nc3 e5 4.Nf3 Nbd7 5.Bc4 Be7 6.O-O O-O 7.Re1 c6 8.a4 a5
9.h3 Nb6 10.Ba2 Nfd7 11.dxe5 dxe5 12.Be3 Qc7 13.Ng5 Bxg5 14.Bxg5 Nc5 15.Be3 Qe7
16.Qh5 Nbd7 17.Bg5 Nf6 18.Bh4 Re8 19.Rad1 h6 20.Qf3 Be6 21.Bxe6 Qxe6 22.Rd2 Rad8
23.Red1 Rxd2 24.Rxd2 g5 25.Bg3 Kg7 26.b3 Re7 27.Qe3 Rd7 28.Rxd7 Nfxd7 29.f3 Qd6
30.Kh2 f6 31.Bf2 b6 32.Qe1 Kf7 33.Ne2 Ne6 34.Qc3 Nd4 35.Qc4+ Kf8 36.Nxd4 exd4+
37.Bg3 Ne5 38.Qa6 Qc7 39.Qa8+ Kg7 40.Kh1 c5 41.Qe8 Qf7 42.Qd8 Nd7 43.Bd6 Qe6
44.Bg3 Kf7 45.Qh8 Kg6 46.h4 Ne5 47.Bxe5 fxe5 48.hxg5 hxg5 49.Qd8 Qf6 50.Qxf6+ Kxf6
51.Kg1 Ke6 52.Kf2 Kd6 53.g3 Kc6 54.f4 gxf4 55.gxf4 exf4 56.Kf3 b5 57.axb5+ Kxb5
58.e5 Kc6 59.Ke4 Kd7 60.Kxf4 c4 61.bxc4 a4 62.Kf5 Ke7 63.c5 a3 64.c6 a2  0-1

[Event "1st League Cent-SRB 2013"]
[Site "Kragujevac SRB"]
[Date "2013.09.21"]
[Round "10.5"]
[White "Nestorovic,N"]
[Black "Mrsevic,M"]
[Result "1-0"]
[WhiteElo "2439"]
[BlackElo "2286"]

1.e4 d6 2.d4 Nf6 3.Nc3 e5 4.Nf3 Nbd7 5.Bc4 Be7 6.O-O O-O 7.Re1 c6 8.a4 a5
9.Ba2 exd4 10.Nxd4 Nc5 11.Bf4 Qb6 12.Qd2 Be6 13.Nxe6 fxe6 14.e5 dxe5 15.Bxe5 Kh8
16.h3 Rad8 17.Qe2 Nfd7 18.Bd4 Bf6 19.Bxf6 Rxf6 20.Nd1 Rdf8 21.c3 e5 22.Bb1 g6
23.Bc2 Kg7 24.Qe3 Rf4 25.b3 h5 26.Re2 Qa6 27.Rb1 b5 28.b4 axb4 29.cxb4 Nxa4
30.Qd3 R8f7 31.Qxg6+ Kh8 32.Qh6+ Kg8 33.Qg6+ Kh8 34.Qh6+ Kg8 35.Bb3  1-0

[Event "Slama Mem Schev 2013"]
[Site "Monastir TUN"]
[Date "2013.09.21"]
[Round "8.1"]
[White "Taeib,S"]
[Black "Lazic,Mir"]
[Result "0-1"]
[WhiteElo "2117"]
[BlackElo "2439"]

1.e4 d6 2.d4 Nf6 3.Nc3 e5 4.Nf3 Nbd7 5.h3 c6 6.a4 Be7 7.Bc4 O-O 8.O-O a5
9.Be3 exd4 10.Bxd4 Qc7 11.Bd3 Ne5 12.Be3 Re8 13.Be2 Ng6 14.Nd2 Bf8 15.f4 d5
16.e5 Nd7 17.Bd3 f6 18.e6 Rxe6 19.Bd4 Nh8 20.Qh5 g6 21.Qh4 Bc5 22.Nf3 Bxd4+
23.Nxd4 Re7 24.Rae1 Qd6 25.Rxe7 Qxe7 26.Re1 Qf7 27.Ne6 Nb6 28.Nc7 Qxc7 29.Qxf6 Be6
30.Rxe6 Rf8 31.Qd4 Nc8 32.f5 Qf7 33.Re5 Qg7 34.Qe3 Nf7 35.Re6 gxf5 36.Qc5 Ng5
37.Re3 d4 38.Re1 Nf3+ 39.Kf1 Nxe1 40.Kxe1  0-1

[Event "TCh-CRO Ia Liga 2013"]
[Site "Bol CRO"]
[Date "2013.09.22"]
[Round "9.3"]
[White "Sax,G"]
[Black "Nevednichy,V"]
[Result "1/2-1/2"]
[WhiteElo "2436"]
[BlackElo "2574"]

1.e4 d6 2.d4 Nf6 3.Nc3 e5 4.dxe5 dxe5 5.Qxd8+ Kxd8 6.f3 Be6 7.Be3 Nbd7 8.Nge2 Bc5
9.Bxc5 Nxc5 10.Nc1 c6 11.Nd3 Nfd7 12.a4 a5  1/2-1/2

[Event "TCh-CRO 2a Liga 2013"]
[Site "Bol CRO"]
[Date "2013.09.22"]
[Round "9.5"]
[White "Rade,M"]
[Black "Pikula,D"]
[Result "1/2-1/2"]
[WhiteElo "2440"]
[BlackElo "2482"]

1.e4 d6 2.d4 Nf6 3.Nc3 e5 4.Nf3 Nbd7 5.Bc4 Be7 6.O-O Nb6 7.Be2 exd4 8.Qxd4 O-O
9.Bg5 h6 10.Bh4 Nfd7 11.Bxe7 Qxe7 12.a4 a5 13.Rfe1 Nc5 14.Bb5 c6 15.Bf1 Be6
16.Rad1 Rfe8 17.h3 Rad8 18.b3 Bc8 19.g3 Nbd7 20.Bg2 Qf6 21.Qd2 h5 22.Nh2 Nf8
23.Nb1 h4 24.Qxa5 hxg3 25.fxg3 Qg6 26.Nf1 Nh7 27.b4 Na6 28.e5 d5 29.b5 Nb8
30.Qa7 Nd7 31.e6 Rxe6 32.Rxe6 Qxe6 33.c4 Ndf6 34.Qd4 Ng5 35.h4 Nge4 36.Nc3 Nxc3
37.Qxc3 Qe7 38.Qd4 Be6  1/2-1/2

[Event "TCh-FIN SM 2013-14"]
[Site "Joensuu FIN"]
[Date "2013.09.22"]
[Round "2.2"]
[White "Sepp,O"]
[Black "Sklyarov,D"]
[Result "1-0"]
[WhiteElo "2434"]
[BlackElo "2424"]

1.e4 d6 2.d4 Nf6 3.Nc3 c6 4.Nf3 Bg4 5.Be2 e6 6.O-O d5 7.Ne5 Bxe2 8.Qxe2 dxe4
9.Nxe4 Nxe4 10.Qxe4 Be7 11.Rd1 Nd7 12.Bf4 O-O 13.Rd3 Nxe5 14.Bxe5 Qd5 15.Qe2 f6
16.Bg3 Rfe8 17.b3 b5 18.c3 Bf8 19.Re1 Rad8 20.Re3 Kf7 21.h3 a6 22.Bc7 Rc8
23.Bg3 h6 24.h4 Rcd8 25.Bc7 Rd7 26.Bg3 c5 27.c4 bxc4 28.bxc4 Qxd4 29.Rxe6 Rde7
30.Qh5+ g6 31.Rxe7+ Rxe7 32.Rxe7+ Bxe7 33.Qxh6 Bf8 34.Qc1 Kg7 35.Qc2 f5 36.Qc1 Be7
37.Qe3 Qd1+ 38.Kh2 Kf7 39.Qe5 Qd4 40.Qxd4 cxd4 41.Kg1 d3 42.Kf1 Ke6 43.Ke1 Bb4+
44.Kd1 Kd7 45.f3 Kc6 46.Be1 Bc5 47.g4 fxg4 48.fxg4 Be3 49.Bb4 Bf4 50.Bf8 Be3
51.h5 gxh5 52.gxh5 Kb6 53.Ba3  1-0

[Event "1st League Cent-SRB 2013"]
[Site "Kragujevac SRB"]
[Date "2013.09.22"]
[Round "11.3"]
[White "Tomic,Bos"]
[Black "Mrsevic,M"]
[Result "1-0"]
[WhiteElo "2447"]
[BlackElo "2286"]

1.e4 d6 2.d4 Nf6 3.Nc3 e5 4.Nf3 Nbd7 5.Bc4 Be7 6.O-O O-O 7.Re1 c6 8.a4 a5
9.b3 Nb6 10.Bf1 Bg4 11.dxe5 Bxf3 12.Qxf3 dxe5 13.Ne2 Qd7 14.Ng3 g6 15.Bg5 Qe6
16.Bh6 Rfd8 17.Nf5 Bb4 18.c3 Bf8 19.Bxf8 Kxf8 20.Qe3 gxf5 21.exf5 Nfd5 22.fxe6 Nxe3
23.Rxe3 f6 24.Rh3 Kg7 25.Bd3 Rh8 26.f4 exf4 27.Rf1 Nd5 28.c4 Nc7 29.Bf5 Rae8
30.Re1 Re7 31.Rh4 h5 32.Rxf4 Na6 33.Rf3 h4 34.Re4 Rh6 35.Rg4+ Kf8 36.Rd3 Nc7
37.Rd7 Rh5 38.Rxe7 Kxe7 39.Rg7+ Kd6 40.Rd7+ Kc5 41.Bg6 Rg5 42.Rxc7 Rxg6 43.Rxb7 Kd6
44.e7 Rg8 45.Kf2 Ke6 46.Kf3 f5 47.Rc7 Rb8 48.e8=Q+ Rxe8 49.Rxc6+ Ke5 50.Rc5+ Kd4
51.Rd5+ Kc3 52.Rxa5 Kxb3 53.Rxf5 h3 54.g4 Kxc4 55.Kg3  1-0

[Event "TCh-Moscow GpA 2013"]
[Site "Moscow RUS"]
[Date "2013.09.22"]
[Round "2.2"]
[White "Babarykin,S"]
[Black "Drozdova,D"]
[Result "1-0"]
[WhiteElo "2306"]
[BlackElo "2291"]

1.e4 d6 2.d4 Nf6 3.Nc3 e5 4.Nf3 Nbd7 5.Bc4 Be7 6.O-O O-O 7.Re1 c6 8.a4 a5
9.h3 exd4 10.Nxd4 Nc5 11.Bf4 Be6 12.Bf1 d5 13.exd5 Nxd5 14.Nxd5 Qxd5 15.Nxe6 fxe6
16.Qg4 h5 17.Qg3 Qf5 18.Be5 Rf7 19.Bd4 Bf6 20.Bxf6 Qxf6 21.Re5 h4 22.Qe3 b6
23.Bc4 Re8 24.Re1 Rfe7 25.b3 Kf7 26.Rg5 Rh8 27.c3 Rh6 28.f4 Kf8 29.Rd1 Rd7
30.Rf1 Re7 31.Qf3 Rc7 32.Re5 Rc8 33.Qe3 g6 34.b4 axb4 35.cxb4 Nxa4 36.f5  1-0

[Event "46th TCh-BUL w 2013"]
[Site "Sunny Beach BUL"]
[Date "2013.09.22"]
[Round "4.1"]
[White "Arutyunova,D"]
[Black "Stojanovic,Andj"]
[Result "1/2-1/2"]
[WhiteElo "2267"]
[BlackElo "2303"]

1.e4 d6 2.d4 Nf6 3.Nc3 e5 4.Nf3 Nbd7 5.Bc4 Be7 6.a4 O-O 7.O-O c6 8.Re1 b6
9.d5 c5 10.Bd3 a6 11.Nd2 Ne8 12.Ne2 Bg5 13.Ng3 g6 14.b3 h5 15.Nc4 Rb8 16.Nf1 Bxc1
17.Qxc1 Qf6 18.Qh6 Qf4 19.Qxf4 exf4 20.e5 Nxe5 21.Nxe5 dxe5 22.Rxe5 Nd6 23.c3 Bb7
24.Nd2 Rfe8 25.Rae1 Rxe5 26.Rxe5 b5 27.axb5 axb5 28.Ne4 Nxe4 29.Rxe4 Kf8
30.g3 fxg3  1/2-1/2

[Event "63rd TCh-BUL GpB 2013"]
[Site "Sunny Beach BUL"]
[Date "2013.09.22"]
[Round "5.3"]
[White "Vutov,M"]
[Black "Delchev,P"]
[Result "1/2-1/2"]
[WhiteElo "2324"]
[BlackElo "2263"]

1.e4 d6 2.d4 Nf6 3.Nc3 e5 4.Nf3 Nbd7 5.Bc4 Be7 6.O-O O-O 7.a4 c6 8.Re1 h6
9.h3 Nh7 10.dxe5 dxe5 11.Be3 a5 12.Qe2 Ng5 13.Nxg5 Bxg5 14.Rad1 Bxe3 15.Qxe3 Qg5
16.Qxg5 hxg5 17.Rd6 Nc5 18.Red1 Be6 19.Bxe6 Nxe6 20.Ne2 Nc5 21.Nc3 Rfe8 22.f3 f6
23.Kf2 Kf7 24.b3 Re6 25.R6d2 Ree8 26.Nb1 Rab8 27.Na3 b5 28.axb5 cxb5 29.Rd5 Rec8
30.R1d2 Kg6 31.Ke2  1/2-1/2

[Event "52nd World Juniors 2013"]
[Site "Kocaeli TUR"]
[Date "2013.09.23"]
[Round "10.43"]
[White "Du Plessis,Heinco"]
[Black "Yurtseven,M"]
[Result "0-1"]
[WhiteElo "2050"]
[BlackElo "2262"]

1.e4 d6 2.d4 Nf6 3.Nc3 e5 4.Nf3 Nbd7 5.Bc4 Be7 6.O-O O-O 7.Qe2 c6 8.a4 h6
9.Rd1 Qc7 10.Ba2 exd4 11.Nxd4 Re8 12.f4 Bf8 13.Nf3 a5 14.Rd4 d5 15.e5 Bc5
16.Be3 Ng4 17.Nd1 Nxe3 18.Nxe3 Bxd4 19.Nxd4 Nxe5 20.Nxd5 cxd5 21.fxe5 Qxe5
22.Qxe5 Rxe5  0-1

[Event "52nd World Juniors 2013"]
[Site "Kocaeli TUR"]
[Date "2013.09.23"]
[Round "10.44"]
[White "Meftahi,Houssem"]
[Black "Thompson,Robert"]
[Result "1-0"]
[WhiteElo "2076"]
[BlackElo "1966"]

1.e4 d6 2.d4 Nf6 3.Nc3 e5 4.Nf3 exd4 5.Qxd4 Nc6 6.Bb5 Bd7 7.Bxc6 bxc6 8.Bg5 Be7
9.h3 O-O 10.O-O-O Be6 11.Kb1 Nd7 12.Bxe7 Qxe7 13.g4 Qf6 14.Qe3 Ne5 15.Nxe5 Qxe5
16.f4 Qa5 17.f5 Bd7 18.g5 Rab8 19.h4 Qe5 20.Qd2 Rb4 21.b3 a5 22.Rhg1 c5 23.Nd5 Rxe4
24.Nf6+ Kh8 25.Nxd7 Rd4 26.Qg2  1-0

[Event "63rd TCh-BUL GpA 2013"]
[Site "Sunny Beach BUL"]
[Date "2013.09.23"]
[Round "5.2"]
[White "Djukic,Ni"]
[Black "Janev,E"]
[Result "1-0"]
[WhiteElo "2551"]
[BlackElo "2459"]

1.e4 d6 2.d4 Nf6 3.Nc3 e5 4.Nf3 Nbd7 5.Bc4 Be7 6.O-O O-O 7.Re1 exd4 8.Nxd4 Nb6
9.Bf1 c6 10.a4 a5 11.Bf4 Ng4 12.h3 Ne5 13.b3 Ng6 14.Be3 d5 15.exd5 Nxd5 16.Nxd5 Qxd5
17.Bc4 Qd8 18.Qh5 Bb4 19.Nf3 Qf6 20.Ng5 h6 21.Ne4 Qf5 22.Qxf5 Bxf5 23.c3 Bxe4
24.cxb4 axb4 25.Bc5 Rfe8 26.Bxb4 Nf4 27.Bd2 Nd3 28.Re3 Bg6 29.Rxe8+ Rxe8
30.Be3 Ne5 31.Be2 Be4 32.b4 Ra8 33.Bd4 Ng6 34.g3 Ne7 35.Be3 Nd5 36.Bd2 Nc7
37.f3 Bf5 38.Kf2 Rd8 39.Ra2 Bd3 40.Bd1 Bc4 41.Rb2 Ne6 42.f4 Nd4 43.Be3 Nf5
44.Rd2 Rxd2+ 45.Bxd2 Kf8 46.Bc3 Bd5 47.g4 Nd6 48.Ke3 g5 49.fxg5 hxg5 50.Be1 Ke7
51.Kd4 f5 52.gxf5 Nxf5+ 53.Kc5 Ne3 54.Be2 Ng2 55.Bd2 Nf4 56.Bf1 Kd7 57.Kb6 Kc8
58.h4 Bb3 59.hxg5 Nd5+ 60.Kc5 Bxa4 61.g6 Kd7 62.g7 b6+ 63.Kd4 Ne7 64.Bh3+ Ke8
65.Be6 Bc2 66.Bg5 Bh7 67.Bxe7 Kxe7 68.Ke5 b5 69.g8=Q  1-0

[Event "46th TCh-BUL w 2013"]
[Site "Sunny Beach BUL"]
[Date "2013.09.24"]
[Round "6.1"]
[White "Sandu,Mi"]
[Black "Stojanovic,Andj"]
[Result "0-1"]
[WhiteElo "2267"]
[BlackElo "2303"]

1.e4 d6 2.d4 Nf6 3.Nc3 e5 4.dxe5 dxe5 5.Qxd8+ Kxd8 6.Bc4 Ke8 7.Nf3 Bd6 8.Bg5 Nbd7
9.O-O-O a6 10.a4 h6 11.Bh4 Kf8 12.Rhe1 g6 13.Nd2 Kg7 14.f3 Re8 15.Nb3 Nb6
16.Bf1 Be6 17.a5 Nbd7 18.Nd5 Bxd5 19.exd5 e4 20.fxe4 Nxe4 21.Bd3 Ndf6 22.Bxf6+ Nxf6
23.h3 Rxe1 24.Rxe1 Nxd5 25.c3 Nf4 26.Bf1 Rd8 27.Kc2 Nd5 28.Kb1 Bg3 29.Rc1 c6
30.Be2 Ne3 31.Bf3 Rd7 32.Nc5 Re7 33.b4 f5 34.c4 Bd6 35.Nd3 Kf6 36.b5 axb5
37.cxb5 cxb5 38.Ka2 Nc4 39.Rb1 Nxa5 40.Rxb5 Nc6 41.Rb6 Rc7 42.Bd5 Kg5 43.Kb1 h5
44.Ne1 Bc5 45.Nf3+ Kf4 46.Rb3 Na5 47.Rd3 b6 48.g3+ Kxg3 49.Ne5+ Kf2 50.Nxg6 Be3
51.Ne5 Rc1+ 52.Kb2 Re1 53.Kc2 Rc1+ 54.Kb2 Rc5 55.Rd1 Kg3 56.Nd7 Rb5+ 57.Kc2 f4
58.Nf6 Rb4 59.Nxh5+ Kxh3 60.Bf3 Kh4 61.Nf6 Kg5 62.Ne4+ Kf5  0-1

[Event "52nd World Juniors 2013"]
[Site "Kocaeli TUR"]
[Date "2013.09.25"]
[Round "12.30"]
[White "Tomazini,Z"]
[Black "Akhmetov,Ay"]
[Result "1-0"]
[WhiteElo "2277"]
[BlackElo "2382"]

1.e4 d6 2.d4 Nf6 3.Nc3 e5 4.Nf3 Nbd7 5.Bc4 Be7 6.O-O O-O 7.Re1 c6 8.a4 a5
9.h3 Nb6 10.Ba2 Nfd7 11.Ne2 Nxa4 12.Ng3 Qc7 13.Nf5 Nf6 14.Nxe7+ Qxe7 15.c4 Nb6
16.c5 dxc5 17.dxe5 Nfd7 18.Bg5 Qe8 19.Qd6 c4 20.Be7 a4 21.Rec1 Ra6 22.Bxf8 Nxf8
23.Nd2 c5 24.Qxc5 Nfd7 25.Qb5 Qxe5 26.Qxe5 Nxe5 27.Nxc4 Nbxc4 28.Bxc4 Ra8
29.Bb5 Be6 30.Rxa4 Rb8 31.f4 Nc6 32.Bxc6 bxc6 33.Rca1  1-0

[Event "52nd World Juniors 2013"]
[Site "Kocaeli TUR"]
[Date "2013.09.25"]
[Round "12.44"]
[White "Asgarizadeh,A"]
[Black "Thompson,Robert"]
[Result "1-0"]
[WhiteElo "2354"]
[BlackElo "1966"]

1.e4 d6 2.d4 Nf6 3.Nc3 e5 4.Nf3 exd4 5.Nxd4 Be7 6.Bf4 O-O 7.Qd2 Nc6 8.O-O-O Nxd4
9.Qxd4 Be6 10.f3 Nd7 11.g4 Bf6 12.Qe3 Bxc3 13.Qxc3 Qf6 14.Qe3 a5 15.Kb1 Nc5
16.Bg5 Qg6 17.h4 f6 18.Bf4 Qf7 19.a3 b5 20.Bxb5 Rab8 21.a4 Rb6 22.Qc3 Rfb8
23.Bc1 Qe7 24.Bf4 Bd7 25.Be3 Nxa4 26.Bxa4 Rxb2+ 27.Kc1 Bxa4 28.Qc4+ Qf7 29.Qxa4 R8b4
30.Qc6 a4 31.Qa8+ Qf8 32.Qxf8+ Kxf8 33.Kd2 Rc4 34.Rc1 a3 35.Kd3 Ra4 36.Ra1 a2
37.Rhc1 c5 38.Kc3 Rbb4 39.Kd2 Rb2 40.Kc3 Rbb4 41.Kd3 Rb2 42.Rd1 Ke7 43.c3 c4+
44.Kd4 Kd7 45.Rd2 Rxd2+ 46.Bxd2 Kc6 47.Bf4 Kb5 48.Bxd6 Ra7 49.Bb4  1-0

[Event "46th TCh-BUL w 2013"]
[Site "Sunny Beach BUL"]
[Date "2013.09.25"]
[Round "7.2"]
[White "Bednikova,S"]
[Black "Voiska,M"]
[Result "0-1"]
[WhiteElo "2043"]
[BlackElo "2275"]

1.e4 d6 2.d4 Nf6 3.Nc3 e5 4.Nf3 Nbd7 5.Bc4 Be7 6.O-O O-O 7.h3 c6 8.a4 h6
9.Be3 exd4 10.Nxd4 d5 11.exd5 Nb6 12.Bd3 Nbxd5 13.Nxd5 Nxd5 14.Bd2 Bf6 15.c3 Bxd4
16.cxd4 Qf6 17.Re1 Bf5 18.Bxf5 Qxf5 19.Re5 Qd3 20.Bc3 Qxd1+ 21.Rxd1 f6 22.Re4 Rfe8
23.Rde1 Rxe4 24.Rxe4 Kf7 25.f3 b5 26.Re1 Re8 27.axb5 Nxc3 28.Rxe8 Kxe8 29.bxc3 cxb5
30.Kf2 Kd7 31.Ke3 Kd6 32.Kd3 Kd5 33.Kc2 Kc4 34.Kb2 a5 35.h4 b4 36.cxb4 axb4
37.h5 Kxd4 38.Kb3 Ke3 39.Kxb4 Kf2 40.Kc5 Kxg2 41.Kd5 Kxf3 42.Ke6 Kg4  0-1

[Event "9th Highlands Open"]
[Site "Trebic CZE"]
[Date "2013.09.25"]
[Round "6"]
[White "Korinkova,Eva"]
[Black "Sibl,V"]
[Result "1/2-1/2"]
[WhiteElo "1812"]
[BlackElo "1978"]

1.e4 d6 2.d4 Nf6 3.Nc3 Nbd7 4.Nf3 e5 5.Bc4 Be7 6.O-O O-O 7.a4 a5 8.b3 h6
9.Bb2 c6 10.Re1 Qc7 11.d5 Re8 12.Qd2 Nf8 13.h3 Ng6 14.Rad1 Nh5 15.Ba3 c5
16.Nb5 Qb6 17.Qe3 Bd7 18.Nc3 Rac8 19.Nd2 Bg5 20.Qf3 Nhf4 21.Bf1 Nf8 22.Bb5 Qd8
23.Nc4 Be7 24.Bxd7 Nxd7 25.Nb5 Nf6 26.Bc1 Ng6 27.g3 Rb8 28.Qf5 Rf8 29.h4 Ne8
30.h5 Nh8 31.f4 f6 32.Rf1 Nf7 33.Rd2 Nc7 34.Nc3 b6 35.Rdf2 Qc8 36.fxe5 Qxf5
37.Rxf5 Nxe5 38.Ne3 b5 39.Bd2 b4 40.Ne2 Rbc8 41.R5f4 Na6 42.Nf5 Rfe8 43.c4 Nb8
44.Rh4 Nbd7 45.g4 Nd3 46.Bf4 N7e5  1/2-1/2

[Event "Baku Open 2013"]
[Site "Baku AZE"]
[Date "2013.09.26"]
[Round "8.12"]
[White "Durarbayli,V"]
[Black "Khismatullin,D"]
[Result "0-1"]
[WhiteElo "2567"]
[BlackElo "2661"]

1.e4 d6 2.d4 Nf6 3.Nc3 e5 4.Nf3 Nbd7 5.Bc4 Be7 6.O-O O-O 7.Re1 c6 8.a4 exd4
9.Nxd4 Ne5 10.Bf1 Re8 11.a5 Bd7 12.h3 b5 13.axb6 axb6 14.Rxa8 Qxa8 15.g4 h6
16.Bg2 b5 17.Nf5 Bxf5 18.exf5 Qa7 19.Be3 Qc7 20.f4 Nc4 21.Bd4 Bf8 22.g5 Rxe1+
23.Qxe1 Nh5 24.gxh6 d5 25.Ne2 Qe7 26.Qf2 gxh6 27.Ng3 Nf6 28.b3 Nd6 29.Be5 Nd7
30.f6 Nxf6 31.Qe2 Bg7 32.Bf3 Nd7 33.Bxg7 Qxe2 34.Nxe2 Kxg7 35.Nd4 Nb8 36.b4 Kf6
37.Kf2 Nf5 38.Nb3 Ke7 39.Bg4 Ng7 40.Ke3 Na6 41.c3 Kd6 42.Na5 Ne6 43.Nb3 Nac7
44.f5 Ng5 45.Nc5 Ne8 46.h4 Nh7 47.Kf4 Nhf6 48.Bf3 Nd7 49.Nd3 Ke7 50.Nf2 Nef6
51.Nd3 Kd6 52.Bg2 Nh5+ 53.Ke3 Ng3 54.Bh3 Nf6 55.Nf4 Ke5 56.Nd3+ Kd6 57.Nf4 c5
58.bxc5+ Kxc5 59.Nd3+ Kc4 60.Kd2 Nfe4+ 61.Kc2 f6 62.Nb2+ Kc5 63.Nd3+ Kd6
64.Nf4 Nf2 65.Bg2 Nxf5 66.Nxd5 Nxh4 67.Ne3 Nxg2 68.Nxg2 h5 69.Kb3 Kc5 70.Nh4 Ne4
71.Nf5 Nd6 72.Nh4 f5 73.Ng6 Nc4 74.Kc2 Kd6 75.Kb3 Ne5 76.Nf4 h4 77.Kb4 Kc6
78.Ne2  0-1

[Event "XXXI Balaton Open"]
[Site "Heviz HUN"]
[Date "2013.09.26"]
[Round "4.5"]
[White "Kincs,I"]
[Black "Borsos,B"]
[Result "1/2-1/2"]
[WhiteElo "2164"]
[BlackElo "2298"]

1.d4 d6 2.e4 Nf6 3.Nc3 e5 4.dxe5 dxe5 5.Qxd8+ Kxd8 6.Nf3 Bd6 7.Bc4 Ke8 8.Bg5 a6
9.a3 Nc6 10.Bxf6 gxf6 11.Nd5 f5 12.Ng5 Rb8 13.Ne3 f4 14.Nxf7 fxe3 15.Nxh8 Nd4
16.O-O-O Bg4 17.fxe3 Bxd1 18.Kxd1 b5 19.Ba2 Ke7 20.Nf7 Ne6 21.Nxd6 cxd6 22.Bxe6 Kxe6
23.Ke2 Rg8 24.Rg1 h5 25.g3 Rc8 26.c3 a5 27.Kd3 Rf8 28.Ke2 b4 29.axb4 axb4
30.c4 Ra8 31.Kd3 Rf8 32.Rg2 Rf1 33.Kc2 Re1 34.Kb3 Rxe3+ 35.Kxb4 Rxe4 36.Kb5 d5
37.cxd5+ Kxd5 38.b4 Re1 39.h3 Ke4 40.g4 Kf3 41.Rc2 hxg4  1/2-1/2

[Event "TCh-Moscow GpA 2013"]
[Site "Moscow RUS"]
[Date "2013.09.26"]
[Round "4.1"]
[White "Vavulin,M"]
[Black "Barskij,V"]
[Result "1-0"]
[WhiteElo "2377"]
[BlackElo "2422"]

1.e4 d6 2.d4 Nf6 3.Nc3 e5 4.Nf3 Nbd7 5.Bc4 Be7 6.O-O O-O 7.Re1 c6 8.a4 a5
9.h3 Nb6 10.Bb3 Nfd7 11.Be3 h6 12.Qe2 exd4 13.Nxd4 Nc5 14.Rad1 Nxb3 15.cxb3 Re8
16.Qf3 Bf6 17.Qg3 Bh4 18.Qh2 Ra6 19.Nf3 Be7 20.Qg3 Kh7 21.Bf4 d5 22.Bc7 Qd7
23.Bxb6 Rxb6 24.Ne5 Qc7 25.exd5 Bd6 26.Qd3+ g6 27.Nc4 Rxe1+ 28.Rxe1 Rxb3
29.Qc2 Rb4 30.Ne4 Bh2+ 31.Kh1 Qf4 32.Qc3 h5 33.g3 Bxg3 34.fxg3 Qf5 35.Ncd6 Qxd5
36.Kh2  1-0

[Event "9th Highlands IM"]
[Site "Trebic CZE"]
[Date "2013.09.26"]
[Round "7"]
[White "Kratochvil,Jo"]
[Black "Bhakti,K"]
[Result "0-1"]
[WhiteElo "2241"]
[BlackElo "2285"]

1.e4 d6 2.d4 Nf6 3.Nc3 e5 4.Nf3 exd4 5.Nxd4 Be7 6.Be2 O-O 7.O-O c5 8.Nb3 Re8
9.Re1 Nc6 10.Bf4 Bf8 11.Bf1 a6 12.a4 Be6 13.Qd2 d5 14.e5 Nd7 15.Nxd5 Bxd5
16.Qxd5 Ndxe5 17.Qxd8 Raxd8 18.Rad1 Rxd1 19.Rxd1 c4 20.Nd2 b5 21.Bg3 Rd8
22.axb5 axb5 23.Be2 Ra8 24.f4 Nd4 25.Bh5 g6 26.fxe5 gxh5 27.c3 Ne2+ 28.Kf2 Nxg3
29.hxg3 Ra2 30.Rb1 Ba3 31.Ne4 Bxb2 32.Ke3 b4 33.cxb4 Bxe5 34.Rc1 f5 35.Nd2 c3
36.Nf3 Bg7 37.Nd4  0-1

[Event "Baku Open 2013"]
[Site "Baku AZE"]
[Date "2013.09.27"]
[Round "9.19"]
[White "Pourramezanali,A"]
[Black "Gagunashvili,M"]
[Result "1-0"]
[WhiteElo "2455"]
[BlackElo "2585"]

1.e4 d6 2.d4 Nf6 3.Nc3 e5 4.Nf3 Nbd7 5.Bc4 Be7 6.O-O O-O 7.Re1 a6 8.a4 b6
9.Ba2 c6 10.h3 Rb8 11.Be3 Qc7 12.Qd3 exd4 13.Nxd4 Nc5 14.Qe2 Re8 15.Qf3 Bf8
16.Bg5 Ncd7 17.Qg3 g6 18.Nf5 Nh5 19.Qh4 Ne5 20.f4 Bxf5 21.exf5 Nd7 22.g4 Ng7
23.f6 Ne6 24.Bxe6 Rxe6 25.Rxe6 fxe6 26.f7+ Kh8 27.Re1 e5 28.Ne4 b5 29.fxe5 dxe5
30.Rd1 Bg7 31.Be7 Nf8 32.Kg2 Qa7 33.Bd6 Ra8 34.Ng5 h6 35.Bxe5  1-0

[Event "Baku Open 2013"]
[Site "Baku AZE"]
[Date "2013.09.27"]
[Round "9.1"]
[White "Smirnov,P"]
[Black "Solak,D"]
[Result "1-0"]
[WhiteElo "2627"]
[BlackElo "2615"]

1.d4 d6 2.e4 Nf6 3.Nc3 e5 4.Nf3 Nbd7 5.Bc4 Be7 6.O-O exd4 7.Nxd4 Nb6 8.Bd3 O-O
9.Bf4 Nfd7 10.Qd2 Bf6 11.Be2 Re8 12.f3 Ne5 13.Rad1 c6 14.Kh1 d5 15.exd5 cxd5
16.b3 a6 17.a4 Be6 18.Bxe5 Bxe5 19.f4 Bf6 20.a5 Nc8 21.f5 Bd7 22.Nxd5 Bxd4
23.Qxd4 Rxe2 24.Nf4 Rxc2 25.f6 Na7 26.fxg7 Nc6 27.Qxd7 Qxd7 28.Rxd7 Rd8 29.Rxb7 Nxa5
30.Rb6 Kxg7 31.Nh5+ Kg8 32.Nf6+ Kg7 33.Nh5+ Kg8 34.h3 Rc6 35.Rb4 Rg6 36.Nf6+ Kg7
37.Nh5+ Kg8 38.Rbf4 Nxb3 39.Rxf7 Nd2 40.R1f4 Ne4 41.Kh2 Rg5 42.g4 Re5 43.Rg7+ Kh8
44.Rff7 Rd2+ 45.Kg1 Rd1+ 46.Kg2 Rd2+ 47.Kf1 Rd1+ 48.Ke2 Nc3+ 49.Kf3 Rf1+
50.Kg2 Rxf7 51.Rxf7 Kg8 52.Rg7+ Kf8 53.Rxh7 a5 54.Ra7 a4 55.Nf4 Re3 56.g5 Ne4
57.g6 a3 58.Nh5 Nd6 59.g7+ Kg8 60.Nf6+  1-0